Zasľúbená krajina

Bibliographic Details
Main Author: Reymont, Wladysław Stanisław, 1867-1925 (Author)
Other Authors: Gazdík, Jozef, 1931-1982 (Translator, ini)
Format: Book
Language:Slovak
Polish
PhysicalDescription:608 s., 38,41 AH 21 cm
Published: Bratislava Tatran 1981
Edition:1. vyd.
Series:Zlatý fond svetovej literatúry
Subjects:

MARC

LEADER 00000cam a2200000 a 4500
001 vtls001102264
003 SK-MaSNL
005 20260301233146.0
008 180815s1981 xo r 0000f slo
015 |a SNBA1981/07 
035 |a SNK000045106 
040 |a SNK  |b slo  |c SNK  |e AACR2 
041 1 |a slo  |h pol 
044 |a xo  |c SK 
072 7 |a 821.162.1  |x Poľská literatúra  |2 konspekt 
080 |a 884-3  |2 1981 
100 1 |a Reymont, Wladysław Stanisław,  |d 1867-1925  |4 aut  |9 42282 
240 1 0 |a Ziemia obiecana  |l Slovensky 
245 1 0 |a Zasľúbená krajina  |c Wladyslaw Stanislaw Reymont ; Jozef Gazdík 
250 |a 1. vyd. 
260 |a Bratislava  |b Tatran  |c 1981  |e Martin  |f Tlačiarne SNP 
300 |a 608 s., 38,41 AH  |c 21 cm 
366 |e 15000 výtl. 
490 1 |a Zlatý fond svetovej literatúry  |v Zv. 41. 
500 |a Séria: Reymont. Zv. 2. Vysvetl. Rozlož. tit. list. V tomto výbere 1. vyd. 
655 7 |a spoločenské romány  |2 SNKPH  |9 70538 
655 7 |a poľské romány  |2 SNKPH  |9 70521 
700 1 |a Gazdík, Jozef,  |d 1931-1982  |4 trl  |4 ini  |9 42234 
830 0 |a Zlatý fond svetovej literatúry  |9 278528 
958 |a OND 
958 |a LX 
958 |a SS 
958 |a TL 
958 |a UP 
999 |c 964839  |d 966769 
952 |t P60, <05>, [BOOK], {605}  |a SNK  |b SNK  |y PREZ  |7 0  |p 17A0051623  |o snkSC 52721 D1  |0 0  |1 0  |4 0  |d 1997-02-28  |l 0  |r 2004-12-31 00:00:00  |w 2026-02-24 
952 |a SNK  |b SNK  |y PREZ  |7 0  |p 17A0864072  |o snkSC 52721  |0 0  |1 0  |4 0  |d 2012-08-01  |l 0  |r 2026-02-24 10:33:36  |w 2026-02-24